| 000 | 00510cam a2200205ua 4500 | ||
|---|---|---|---|
| 001 | 11224 | ||
| 005 | 20260515114725.0 | ||
| 008 | 190904n ii |||gr||||Z||||||eng | ||
| 020 | _a9780195648737 | ||
| 040 | _cMAIN | ||
| 041 | _aeng | ||
| 082 | _a320.954 | ||
| 100 |
_aSudipta Kaviraj, _eEditor. |
||
| 245 |
_aPolitics in india _cEd by Sudipta Kaviraj |
||
| 250 | _a1st ed pap. | ||
| 260 |
_aNew Delhi: _bOxford university press, _c1999. |
||
| 300 | _a404p. | ||
| 653 | _aPolitical science | ||
| 942 | _cBK | ||
| 999 |
_c10076 _d10076 |
||